[Event "2025 Washington State Championship - Invitational"]
[Site "Lakeside Upper School, 14050 1st Avenue NE, Seattle, WA, USA"]
[Date "2025.02.15"]
[Round "5"]
[Board "3"]
[White "Wei, Jeffrey"]
[Black "Saddi, Neevan Reddy"]
[Result "1/2-1/2"]
[WhiteElo "1782"]
[BlackElo "1877"]
[PlyCount "19"]
[EventDate "2025.02.08"]
[EventRounds "9"]
[EventCountry "USA"]

1. e4 e6 2. d4 d5 3. e5 c5 4. c3 Nc6 5. Nf3 Bd7 6. Be2 Nge7 7. O-O Nf5 8. Na3 a6
9. Nc2 h6 10. Bd3 cxd4 11. Bxf5 exf5 12. Ncxd4 Qc7 13. Re1 O-O-O 14. Qd3 g6 15. e6
fxe6 16. Nxe6 Bxe6 17. Rxe6 Bd6 18. Rxg6 Kb8 19. Bxh6 Bxh2+  1/2-1/2

[Event "2025 Washington State Championship - Invitational"]
[Site "Lakeside Upper School, 14050 1st Avenue NE, Seattle, WA, USA"]
[Date "2025.02.15"]
[Round "5"]
[Board "4"]
[White "Palathingal, Rafael"]
[Black "Wong-Godfrey, Emerson P"]
[Result "1-0"]
[WhiteElo "1872"]
[BlackElo "1866"]
[PlyCount "43"]
[EventDate "2025.02.08"]
[EventRounds "9"]
[EventCountry "USA"]

1. d4 Nf6 2. c4 b6 3. Nc3 Bb7 4. Nf3 d5 5. cxd5 Nxd5 6. Bg5 g6 7. e3 Bg7 8. Bd3 O-O
9. O-O Re8 10. a3 Nxc3 11. bxc3 c5 12. Bb5 Bc6 13. Bc4 b5 14. Be2 Qa5 15. Bf4 Nd7
16. Rb1 Qxc3 17. d5 Bb7 18. Bxb5 Red8 19. Bc7 Rdc8 20. d6 exd6 21. Bxd7 Rxc7 22.
Qxd6 Rxd7 23. Qxd7 Bxf3 24. gxf3 Qxa3 25. Rb7 Qa2 26. Qc6 Bf8 27. Rd1 Qe6 28. Qxe6
fxe6 29. Ra1 a5 30. Ra4 c4 31. Rc7 Bb4 32. Rxc4 Rf8 33. Kg2 Rf7 34. f4 Kg7 35. Ra2
Kf6 36. Rac2 h5 37. Rc7 Rxc7 38. Rxc7 g5 39. fxg5+ Kxg5 40. f4+ Kf6 41. Kf3 Bd6 42.
Rc3 Bb4  1-0

[Event "2025 Washington State Championship - Invitational"]
[Site "Lakeside Upper School, 14050 1st Avenue NE, Seattle, WA, USA"]
[Date "2025.02.15"]
[Round "5"]
[Board "5"]
[White "Wang, Leonardo Xirui"]
[Black "Thorwe, Pratik"]
[Result "0-1"]
[WhiteElo "1782"]
[BlackElo "1866"]
[PlyCount "41"]
[EventDate "2025.02.08"]
[EventRounds "9"]
[EventCountry "USA"]

1. d4 d5 2. c4 e6 3. Nc3 Nf6 4. Bg5 c6 5. e3 Be7 6. Nf3 Nbd7 7. Bd3 h6 8. Bh4 dxc4
9. Bxc4 b5 10. Bd3 a6 11. Bxf6 Nxf6 12. Ne4 Bb4+ 13. Nfd2 e5 14. Qc2 Bxd2+ 15. Kxd2
Nxe4+ 16. Bxe4 O-O 17. Bxc6 Ra7 18. d5 Rc7 19. Rhd1 Bb7 20. Ke2 Qh4 21. h3 Rfc8 22.
Rac1 Bxc6 23. dxc6 Rxc6 24. Qxc6 Rxc6 25. Rxc6 Qe4 26. Rc8+ Kh7 27. f3 Qg6 28. g4
Qe6 29. Rdc1 Qxa2 30. R8c2 Qb3 31. Rd2 a5 32. Rc3 Qb4 33. Kf2 h5 34. Kg3 a4 35. Rdc2
Qd6 36. e4 Qd1 37. Rc1 Qd2 38. R3c2 h4+ 39. Kxh4 Qf4 40. Rc3 Kh6 41. Rc6+ f6  0-1

[Event "2025 Washington State Championship - Invitational"]
[Site "Lakeside Upper School, 14050 1st Avenue NE, Seattle, WA, USA"]
[Date "2025.02.15"]
[Round "6"]
[Board "2"]
[White "Wong-Godfrey, Emerson P"]
[Black "Wang, Leonardo Xirui"]
[Result "1-0"]
[WhiteElo "1866"]
[BlackElo "1782"]
[PlyCount "24"]
[EventDate "2025.02.08"]
[EventRounds "9"]
[EventCountry "USA"]

1. e4 e5 2. Nf3 Nc6 3. Bc4 Bc5 4. b4 Bxb4 5. c3 Be7 6. d4 Na5 7. Bd3 d6 8. dxe5 dxe5
9. Nxe5 Nf6 10. O-O O-O 11. Qe2 c6 12. Nd2 Be6 13. f4 Qc7 14. Nef3 Bc5+ 15. Kh1 Rfe8
16. e5 Bd7 17. Ng5 h6 18. Nge4 Nxe4 19. Nxe4 Bf8 20. Qh5 c5 21. Rf3 c4 22. Nf6+ gxf6
23. Rg3+ Kh8 24. Qxf7  1-0

[Event "2025 Washington State Championship - Invitational"]
[Site "Lakeside Upper School, 14050 1st Avenue NE, Seattle, WA, USA"]
[Date "2025.02.15"]
[Round "6"]
[Board "3"]
[White "Saddi, Neevan Reddy"]
[Black "Palathingal, Rafael"]
[Result "1-0"]
[WhiteElo "1877"]
[BlackElo "1872"]
[PlyCount "44"]
[EventDate "2025.02.08"]
[EventRounds "9"]
[EventCountry "USA"]

1. d4 d5 2. c4 c6 3. Nc3 Nf6 4. Nf3 e6 5. e3 Nbd7 6. Be2 Be7 7. O-O O-O 8. b3 b6
9. Bb2 Bb7 10. cxd5 exd5 11. Rc1 c5 12. Re1 h6 13. h3 Ne4 14. Ne5 Nxe5 15. dxe5 Bg5
16. Nxe4 dxe4 17. Qc2 a5 18. Bc4 Kh8 19. Red1 Qc7 20. Bd5 Bxd5 21. Rxd5 Rae8 22.
Rcd1 f5 23. R5d2 Qc8 24. e6 Be7 25. Be5 Kh7 26. Qc4 Bf6 27. Bd6 Rg8 28. Qd5 Kg6 29.
g4 Kh7 30. Qxf5+ Kh8 31. Bf4 Rgf8 32. Bxh6 Be7 33. Bxg7+ Kxg7 34. Rd7 Qb8 35. Rxe7+
Rxe7 36. Qg5+ Kh8 37. Qxe7 Qe8 38. Qh4+ Kg8 39. Rd7 Qg6 40. Qe7 a4 41. Rd5 Qf6 42.
Rg5+ Qxg5 43. Qxg5+ Kh8 44. e7  1-0

[Event "2025 Washington State Championship - Invitational"]
[Site "Lakeside Upper School, 14050 1st Avenue NE, Seattle, WA, USA"]
[Date "2025.02.15"]
[Round "6"]
[Board "4"]
[White "Moroney, Timothy"]
[Black "Wei, Jeffrey"]
[Result "1/2-1/2"]
[WhiteElo "1908"]
[BlackElo "1782"]
[PlyCount "0"]
[EventDate "2025.02.08"]
[EventRounds "9"]
[EventCountry "USA"]

1. d4 d5 2. c4 e6 3. g3 Nf6 4. Bg2 Be7 5. Nf3 O-O 6. Nbd2 c5 7. cxd5 exd5 8. dxc5
Bxc5 9. Nb3 Bb6 10. O-O Nc6 11. e3 Bg4 12. Qd3 Qd7 13. Nbd4 Rfe8 14. b3 Rac8 15.
Bb2 Ne4 16. Nxc6 bxc6 17. Ne5 Qe6 18. Nxg4 Qxg4 19. Bd4 Qe6 20. b4 Nd6 21. Rac1 Nb5
22. Bc5 Bxc5 23. Rxc5 Nd6 24. Rfc1 Nc4 25. b5 Qe7 26. Qd4 cxb5 27. Rxb5 Qa3 28. Rd1
Qxa2 29. Bxd5 Qe2 30. Rb7 Ne5 31. Rxa7 Red8 32. Rf1 Nc6 33. Bxf7+ Kh8 34. Bc4 Qxf1+
35. Bxf1 Nxd4 36. exd4 Rxd4 37. Rf7 Kg8 38. Rf3 Rc1 39. Kg2 Rdd1 40. Bd3 Rg1+ 41.
Kh3 Rh1 42. Rf4 g5 43. Rg4 h6 44. f4 Rcd1 45. Be4 Rhe1  1/2-1/2

[Event "2025 Washington State Championship - Invitational"]
[Site "Lakeside Upper School, 14050 1st Avenue NE, Seattle, WA, USA"]
[Date "2025.02.16"]
[Round "7"]
[Board "1"]
[White "Razmov, Valentin N"]
[Black "Han, Shuyi"]
[Result "1/2-1/2"]
[WhiteElo "1778"]
[BlackElo "1818"]
[PlyCount "105"]
[EventDate "2025.02.08"]
[EventRounds "9"]
[EventCountry "USA"]

1. e4 e5 2. Nf3 Nc6 3. Bb5 a6 4. Ba4 Nf6 5. O-O Be7 6. Re1 b5 7. Bb3 d6 8. c3 O-O
9. h3 Nb8 10. d4 Nbd7 11. Nbd2 Bb7 12. a4 c5 13. d5 c4 14. Bc2 Qc7 15. Nf1 Rfb8 16.
Be3 Nc5 17. Ng3 Bc8 18. Qe2 Bf8 19. Nd2 Nfd7 20. Ra2 Nb6 21. axb5 axb5 22. Rea1 Rxa2
23. Rxa2 Ra8 24. Rxa8 Nxa8 25. Qe1 Nb6 26. Qa1 Bd7 27. Qa5 Nxd5 28. Qxc7 Nxc7 29.
b4 cxb3 30. Nxb3 Na4 31. Ne2 d5 32. f4 exf4 33. Bxf4 Ne6 34. Be3 dxe4 35. Bxe4 Bd6
36. Kf2 g6 37. Ke1 f5 38. Bd5 Kf8 39. Kd2 Ke7 40. Nbd4 Nac5 41. Bc6 Nxd4 42. Nxd4
Bxc6 43. Nxc6+ Kd7 44. Nd4 Ne4+ 45. Kd3 b4 46. cxb4 Bxb4 47. g4 Nd6 48. Bf4 fxg4
49. hxg4 Nf7 50. Nf3 Bd6 51. Be3 Ke6 52. Ng5+ Nxg5 53. Bxg5  1/2-1/2

[Event "2025 Washington State Championship - Invitational"]
[Site "Lakeside Upper School, 14050 1st Avenue NE, Seattle, WA, USA"]
[Date "2025.02.16"]
[Round "7"]
[Board "2"]
[White "Wei, Jeffrey"]
[Black "Mishra, Abhinav"]
[Result "1-0"]
[WhiteElo "1782"]
[BlackElo "1834"]
[PlyCount "73"]
[EventDate "2025.02.08"]
[EventRounds "9"]
[EventCountry "USA"]

1. e4 c6 2. d4 d5 3. f3 Qb6 4. Nc3 dxe4 5. fxe4 e5 6. Nf3 exd4 7. Nxd4 h5 8. Be2
g6 9. O-O Bc5 10. Be3 Nd7 11. Na4 Qd8 12. Nxc5 Nxc5 13. Nxc6 Qc7 14. Qd4 Rh7 15.
Qxc5 bxc6 16. e5 Ne7 17. Rad1 Nf5 18. Bg5 Be6 19. Bf3 Bd7 20. Rxd7 Kxd7 21. Rd1+
Kc8 22. Rd8+ Kb7 23. Bxc6+ Qxc6 24. Qxc6+ Kxc6 25. Rxa8 Kb7 26. Rd8 Kc6 27. Bf6 Ne3
28. h3 Nd5 29. Rd6+ Kc5 30. Rd7 Nxf6 31. exf6 a5 32. h4 Kc6 33. Re7 Kc5 34. Kf2 Kc4
35. Ke3 Kd5 36. Kd3 Kc5 37. c4  1-0

[Event "2025 Washington State Championship - Invitational"]
[Site "Lakeside Upper School, 14050 1st Avenue NE, Seattle, WA, USA"]
[Date "2025.02.16"]
[Round "7"]
[Board "3"]
[White "Palathingal, Rafael"]
[Black "Moroney, Timothy"]
[Result "1/2-1/2"]
[WhiteElo "1872"]
[BlackElo "1908"]
[PlyCount "110"]
[EventDate "2025.02.08"]
[EventRounds "9"]
[EventCountry "USA"]

1. d4 Nf6 2. c4 g6 3. Nf3 Bg7 4. Nc3 d5 5. cxd5 Nxd5 6. e4 Nxc3 7. bxc3 c5 8. Bb5+
Nc6 9. O-O O-O 10. Bxc6 bxc6 11. Qc2 Bg4 12. Ne5 Bxe5 13. dxe5 Qc7 14. h3 Be6 15.
f4 Rfd8 16. Be3 Bc4 17. Rfd1 Qa5 18. f5 Rxd1+ 19. Rxd1 Qxa2 20. Qxa2 Bxa2 21. Bxc5
e6 22. Ra1 Bb3 23. Rxa7 Rxa7 24. Bxa7 exf5 25. exf5 gxf5 26. g3 Kg7 27. Bd4 Kg6 28.
Kf2 h5 29. Kf3 Bd5+ 30. Kf4 Bg2 31. h4 Bd5 32. Bc5 Be6 33. Be7 Bd5 34. Ke3 Bc4 35.
Kd4 Bd5 36. Kc5 Be4 37. c4 Bh1 38. Kd6 Be4 39. Bf6 Bf3 40. c5 Bd5 41. Kd7 Be4 42.
e6 fxe6 43. Kxe6 Bd5+ 44. Ke5 Be4 45. Bg5 Bd5 46. Kd4 Be4 47. Kc3 Bd5 48. Kb4 Be4
49. Ka5 Bd5 50. Kb6 Be4 51. Kc7 Bd5 52. Kd6 Be4 53. Ke5 Bd5 54. Kd6 Be4 55. Ke5 Bd5
 1/2-1/2

[Event "2025 Washington State Championship - Invitational"]
[Site "Lakeside Upper School, 14050 1st Avenue NE, Seattle, WA, USA"]
[Date "2025.02.16"]
[Round "7"]
[Board "4"]
[White "Wang, Leonardo Xirui"]
[Black "Saddi, Neevan Reddy"]
[Result "0-1"]
[WhiteElo "1782"]
[BlackElo "1877"]
[PlyCount "158"]
[EventDate "2025.02.08"]
[EventRounds "9"]
[EventCountry "USA"]

1. d4 Nf6 2. c4 g6 3. Nc3 Bg7 4. e4 d6 5. Bd3 O-O 6. Nge2 e5 7. d5 a5 8. O-O Na6
9. f3 Bd7 10. Be3 Qe8 11. Nb5 Qe7 12. Qd2 b6 13. b3 Nh5 14. Rae1 Nf6 15. Bg5 c6 16.
dxc6 Bxc6 17. Nec3 Rfd8 18. Qe3 Nc5 19. Bc2 Rd7 20. Rd1 Qf8 21. a3 Rb8 22. Rd2 h6
23. Bh4 g5 24. Bf2 Qd8 25. Rfd1 Bf8 26. g3 Ne6 27. Qe2 Ne8 28. b4 Rbb7 29. Ba4 Qc8
30. Nd5 Bxd5 31. cxd5 N6c7 32. Rc2 Qb8 33. Nd4 b5 34. Nc6 Qa8 35. Bb3 a4 36. Ba2
Ng7 37. Rdc1 Na6 38. Na5 Rb8 39. Rc3 f5 40. Bb1 Rf7 41. Bd3 fxe4 42. fxe4 Nc5 43.
Bb1 Nb3 44. Nxb3 axb3 45. Rxb3 Be7 46. Rf3 Rxf3 47. Qxf3 Rf8 48. Qe3 g4 49. Rc3 Kh7
50. Bd3 Rf3 51. Qe1 Qe8 52. Be2 Rf8 53. Bxg4 Qg6 54. Qe2 Bd8 55. Rc8 Qf7 56. Rc2
Bg5 57. Qxb5 h5 58. Bd1 Ne8 59. Qd3 Nf6 60. b5 Qg6 61. Bf3 h4 62. g4 Nxd5 63. Qxd5
Rxf3 64. Rc7+ Kh6 65. Rd7 Bf6 66. Qd2+ Bg5 67. Qxd6 Bf6 68. Qd2+ Bg5 69. Qe2 Rxa3
70. Bc5 Ra1+ 71. Kg2 Bf6 72. Bf8+ Kg5 73. h3 Ra2 74. Qxa2 Qxe4+ 75. Kf1 Qh1+ 76.
Kf2 Qh2+ 77. Kf3 Qxa2 78. b6 Qa8+ 79. b7 Qxf8  0-1

[Event "2025 Washington State Championship - Invitational"]
[Site "Lakeside Upper School, 14050 1st Avenue NE, Seattle, WA, USA"]
[Date "2025.02.16"]
[Round "7"]
[Board "5"]
[White "Thorwe, Pratik"]
[Black "Wong-Godfrey, Emerson P"]
[Result "1/2-1/2"]
[WhiteElo "1866"]
[BlackElo "1866"]
[PlyCount "76"]
[EventDate "2025.02.08"]
[EventRounds "9"]
[EventCountry "USA"]

1. e4 e5 2. Nf3 Nc6 3. Bc4 Nf6 4. d3 Bc5 5. O-O d6 6. Be3 Bb6 7. h3 h6 8. Nc3 Be6
9. Bb5 O-O 10. Bxc6 bxc6 11. d4 exd4 12. Nxd4 Qd7 13. Qf3 Bxd4 14. Bxd4 Nh7 15. Rad1
f5 16. e5 f4 17. Ne4 Bd5 18. Qd3 f3 19. c4 fxg2 20. Kxg2 Bxe4+ 21. Qxe4 Qxh3+ 22.
Kxh3 Ng5+ 23. Kg4 Nxe4 24. f4 c5 25. Rfe1 cxd4 26. Rxe4 dxe5 27. Rxe5 Rad8 28. Rd5
Rxd5 29. cxd5 Rb8 30. b3 Rb4 31. Kf5 Kf8 32. Ke5 a5 33. Rc1 d3 34. Rd1 Rb5 35. Ke6
Rb6+ 36. Ke5 Rb5 37. Ke6 Rb6+ 38. Ke5 Rb5  1/2-1/2

[Event "2025 Washington State Championship - Invitational"]
[Site "Lakeside Upper School, 14050 1st Avenue NE, Seattle, WA, USA"]
[Date "2025.02.16"]
[Round "8"]
[Board "1"]
[White "Han, Shuyi"]
[Black "Wong-Godfrey, Emerson P"]
[Result "0-1"]
[WhiteElo "1818"]
[BlackElo "1866"]
[PlyCount "74"]
[EventDate "2025.02.08"]
[EventRounds "9"]
[EventCountry "USA"]

1. d4 Nf6 2. c4 c5 3. d5 b5 4. Nf3 g6 5. Qc2 bxc4 6. e4 d6 7. Bxc4 Bg7 8. O-O O-O
9. h3 Ba6 10. Nbd2 Bxc4 11. Nxc4 a5 12. Bf4 Nbd7 13. Rad1 Nb6 14. Nfd2 Nfd7 15. Be3
Qc7 16. b3 Rfb8 17. Nxb6 Rxb6 18. Nc4 Rb7 19. f4 a4 20. Rfe1 Nb6 21. Rb1 axb3 22.
axb3 Nxc4 23. bxc4 Rab8 24. Qd3 Qa5 25. Kh2 Qa2 26. Rxb7 Rxb7 27. Re2 Qa1 28. Bf2
Rb1 29. Qc2 g5 30. Be3 gxf4 31. Bxf4 Be5 32. Bxe5 Qxe5+ 33. g3 Qa1 34. Kg2 Rg1+ 35.
Kf3 Qf1+ 36. Rf2 Qxh3 37. Ke2 Rxg3  0-1

[Event "2025 Washington State Championship - Invitational"]
[Site "Lakeside Upper School, 14050 1st Avenue NE, Seattle, WA, USA"]
[Date "2025.02.16"]
[Round "8"]
[Board "2"]
[White "Saddi, Neevan Reddy"]
[Black "Thorwe, Pratik"]
[Result "0-1"]
[WhiteElo "1877"]
[BlackElo "1866"]
[PlyCount "52"]
[EventDate "2025.02.08"]
[EventRounds "9"]
[EventCountry "USA"]

1. e4 e6 2. d4 d5 3. exd5 exd5 4. Nf3 Bd6 5. Bd3 Nf6 6. h3 O-O 7. O-O c6 8. c3 Be6
9. Nbd2 Qc7 10. Re1 Nbd7 11. Qc2 h6 12. Nf1 Rae8 13. Ne3 Ne4 14. Bxe4 dxe4 15. Nd2
f5 16. Nec4 Bh2+ 17. Kh1 b5 18. Ne3 Nf6 19. Nef1 Bd6 20. c4 Qd7 21. c5 Bc7 22. f3
Qxd4 23. fxe4 fxe4 24. Nb3 Qe5 25. Be3 Nh5 26. Bg1 Rxf1  0-1

[Event "2025 Washington State Championship - Invitational"]
[Site "Lakeside Upper School, 14050 1st Avenue NE, Seattle, WA, USA"]
[Date "2025.02.16"]
[Round "8"]
[Board "3"]
[White "Moroney, Timothy"]
[Black "Wang, Leonardo Xirui"]
[Result "1-0"]
[WhiteElo "1908"]
[BlackElo "1782"]
[PlyCount "77"]
[EventDate "2025.02.08"]
[EventRounds "9"]
[EventCountry "USA"]

1. d4 d5 2. c4 c6 3. Nf3 Nf6 4. Qc2 e6 5. g3 Nbd7 6. Bg2 Be7 7. O-O O-O 8. Rd1 b6
9. Nbd2 Bb7 10. e4 dxe4 11. Ng5 h6 12. Ngxe4 Qc7 13. Nxf6+ Nxf6 14. Ne4 Rfd8 15.
Bf4 Qc8 16. c5 Nxe4 17. Bxe4 b5 18. a4 Ba6 19. a5 Bb7 20. Qe2 a6 21. Bc2 Bf8 22.
g4 Qd7 23. Ra3 f6 24. h4 g5 25. hxg5 hxg5 26. Bh2 Qe8 27. Rh3 Bc8 28. Qe4 Ra7 29.
Kg2 Rg7 30. Rh1 Qd7 31. Bb3 Kf7 32. Re1 Re8 33. Rhe3 Re7 34. Bd6 Re8 35. Bxf8 Kxf8
36. Bxe6 Rxe6 37. Qxe6 Qxe6 38. Rxe6 Bxe6 39. Rxe6  1-0

[Event "2025 Washington State Championship - Invitational"]
[Site "Lakeside Upper School, 14050 1st Avenue NE, Seattle, WA, USA"]
[Date "2025.02.16"]
[Round "8"]
[Board "4"]
[White "Mishra, Abhinav"]
[Black "Palathingal, Rafael"]
[Result "1-0"]
[WhiteElo "1834"]
[BlackElo "1872"]
[PlyCount "39"]
[EventDate "2025.02.08"]
[EventRounds "9"]
[EventCountry "USA"]

1. d4 Nf6 2. Bf4 e6 3. e3 d5 4. Nd2 c5 5. Ngf3 Nc6 6. c3 Bd6 7. Bg3 O-O 8. Bd3 b6
9. e4 dxe4 10. Nxe4 Nxe4 11. Bxe4 Bb7 12. dxc5 Bxc5 13. Qa4 Rc8 14. Rd1 Qe8 15. Bxh7+
Kxh7 16. Qh4+ Kg6 17. Qg5+ Kh7 18. Qh5+ Kg8 19. Ng5 f5 20. Qh7#  1-0

[Event "2025 Washington State Championship - Invitational"]
[Site "Lakeside Upper School, 14050 1st Avenue NE, Seattle, WA, USA"]
[Date "2025.02.16"]
[Round "8"]
[Board "5"]
[White "Razmov, Valentin N"]
[Black "Wei, Jeffrey"]
[Result "0-1"]
[WhiteElo "1778"]
[BlackElo "1782"]
[PlyCount "84"]
[EventDate "2025.02.08"]
[EventRounds "9"]
[EventCountry "USA"]

1. d4 d5 2. c4 e6 3. Nc3 Nf6 4. Bg5 Be7 5. e3 h6 6. Bh4 O-O 7. Nf3 b6 8. Qb3 Bb7
9. Bxf6 Bxf6 10. cxd5 exd5 11. Rd1 a6 12. Bd3 Qd6 13. Bb1 g6 14. h4 h5 15. Rh3 Nd7
16. Ne2 a5 17. Qc2 Bg7 18. Nf4 Nf6 19. Ne5 Bc8 20. Rh1 Bf5 21. Qc6 Qb4+ 22. Qc3 Bxb1
23. Rxb1 Qa4 24. a3 c5 25. f3 Rfe8 26. Ne2 Nd7 27. b3 Qxa3 28. Nxd7 cxd4 29. Nxd4
Rac8 30. Qd2 Qd6 31. Nxb6 Qxb6 32. Kf2 Re7 33. Rbc1 Rce8 34. Rc3 Rxe3 35. Rxe3 Bxd4
36. Rhe1 Rxe3 37. Rxe3 Kf8 38. Ke2 Bxe3 39. Qxd5 Bd4 40. Qa8+ Kg7 41. Kd3 Bf6 42.
Qd5 Qd8  0-1

[Event "2025 Washington State Championship - Invitational"]
[Site "Lakeside Upper School, 14050 1st Avenue NE, Seattle, WA, USA"]
[Date "2025.02.17"]
[Round "9"]
[Board "1"]
[White "Wei, Jeffrey"]
[Black "Han, Shuyi"]
[Result "1/2-1/2"]
[WhiteElo "1782"]
[BlackElo "1818"]
[PlyCount "55"]
[EventDate "2025.02.08"]
[EventRounds "9"]
[EventCountry "USA"]

1. e4 e5 2. Nf3 Nc6 3. Bc4 Bc5 4. c3 Nf6 5. d4 exd4 6. b4 Be7 7. b5 Na5 8. Bd3 d5
9. e5 Ne4 10. cxd4 O-O 11. O-O c5 12. bxc6 Nxc6 13. Nbd2 Bf5 14. Qe2 Nb4 15. Nxe4
Nxd3 16. Ng3 Nxc1 17. Raxc1 Be6 18. Nd2 Rc8 19. f4 Rxc1 20. Rxc1 Qd7 21. Qd3 f5 22.
Ngf1 Rc8 23. Rb1 a6 24. Ne3 g6 25. Rb6 Rc6 26. Qb1 Rxb6 27. Qxb6 Bd8 28. Qc5  1/2-1/2

[Event "2025 Washington State Championship - Invitational"]
[Site "Lakeside Upper School, 14050 1st Avenue NE, Seattle, WA, USA"]
[Date "2025.02.17"]
[Round "9"]
[Board "2"]
[White "Palathingal, Rafael"]
[Black "Razmov, Valentin N"]
[Result "1-0"]
[WhiteElo "1872"]
[BlackElo "1778"]
[PlyCount "91"]
[EventDate "2025.02.08"]
[EventRounds "9"]
[EventCountry "USA"]

1. d4 Nf6 2. c4 c5 3. d5 b5 4. cxb5 a6 5. bxa6 Bxa6 6. Nc3 g6 7. Nf3 d6 8. e4 Bxf1
9. Kxf1 Bg7 10. g3 Qb6 11. Kg2 Nbd7 12. a4 O-O 13. Re1 Rfb8 14. Nb5 Ne8 15. Nd2 Qa6
16. Ra3 Nb6 17. b3 e6 18. Nc4 exd5 19. exd5 Rd8 20. Qf3 Rd7 21. Bf4 Bf8 22. Bd2 Nc7
23. Bc3 Nxc4 24. bxc4 Bg7 25. Bxg7 Kxg7 26. Ree3 Ne8 27. Qe2 Qc8 28. Qb2+ Kg8 29.
Ra1 Qd8 30. a5 Ng7 31. a6 Nf5 32. Rea3 Qb6 33. Qd2 Ne7 34. a7 Nc8 35. Ra6 Qd8 36.
Qa5 Qxa5 37. R1xa5 Kf8 38. Rc6 Rd8 39. Rc7 Nb6 40. Rb7 Nxc4 41. Ra4 Nb2 42. Ra2 Nd3
43. Nc7 Nb4 44. Nxa8 Nxa2 45. Rb8 Ke7 46. Nb6  1-0

[Event "2025 Washington State Championship - Invitational"]
[Site "Lakeside Upper School, 14050 1st Avenue NE, Seattle, WA, USA"]
[Date "2025.02.17"]
[Round "9"]
[Board "3"]
[White "Wang, Leonardo Xirui"]
[Black "Mishra, Abhinav"]
[Result "1-0"]
[WhiteElo "1782"]
[BlackElo "1834"]
[PlyCount "95"]
[EventDate "2025.02.08"]
[EventRounds "9"]
[EventCountry "USA"]

1. d4 d5 2. c4 c6 3. Nc3 Nf6 4. e3 a6 5. cxd5 cxd5 6. Nf3 Nc6 7. Be2 Bg4 8. O-O e6
9. b3 Bd6 10. Bb2 Rc8 11. Rc1 O-O 12. Na4 Qe7 13. Ne5 Bxe2 14. Qxe2 Bxe5 15. dxe5
Nd7 16. f4 f6 17. exf6 Nxf6 18. Nc5 Rc7 19. Nxb7 Rfc8 20. Qxa6 Nb4 21. Qd6 Qxd6 22.
Nxd6 Rxc1 23. Rxc1 Rxc1+ 24. Bxc1 Nxa2 25. Ba3 Nc3 26. b4 Nd7 27. b5 d4 28. Bb2 Nb6
29. Kf1 Kf8 30. Bxc3 dxc3 31. Ke2 Nd5 32. Nc4 Ke7 33. Kd3 Kd7 34. g3 Nc7 35. Na3
Kd6 36. b6 Nd5 37. Nc4+ Kc6 38. e4 Nf6 39. Kxc3 Nxe4+ 40. Kd4 Nc5 41. Ke5 Kd7 42.
Nd2 h6 43. Nf3 Ke7 44. Kd4 Kd6 45. Ne5 h5 46. Nf7+ Kc6 47. Ke5 Kd7 48. f5  1-0

[Event "2025 Washington State Championship - Invitational"]
[Site "Lakeside Upper School, 14050 1st Avenue NE, Seattle, WA, USA"]
[Date "2025.02.17"]
[Round "9"]
[Board "4"]
[White "Thorwe, Pratik"]
[Black "Moroney, Timothy"]
[Result "0-1"]
[WhiteElo "1866"]
[BlackElo "1908"]
[PlyCount "126"]
[EventDate "2025.02.08"]
[EventRounds "9"]
[EventCountry "USA"]

1. e4 c5 2. Nf3 d6 3. d4 cxd4 4. Qxd4 Nf6 5. Bb5+ Bd7 6. Bxd7+ Qxd7 7. c4 Nc6 8.
Qd3 g6 9. Nc3 Bg7 10. O-O Rc8 11. Bf4 O-O 12. Rac1 Qg4 13. Bd2 Nd7 14. h3 Qh5 15.
b3 Nc5 16. Qe3 Ne6 17. Nd5 Rfe8 18. Kh2 Ned4 19. Nxd4 Bxd4 20. Qd3 Bb2 21. g4 Qh4
22. Rb1 Bg7 23. f4 e6 24. Ne3 Qf6 25. Nc2 d5 26. e5 dxc4 27. bxc4 Qe7 28. Qe4 Red8
29. Bc3 b6 30. g5 Bf8 31. Ne3 Qa3 32. Qc2 Nd4 33. Bxd4 Rxd4 34. Rb3 Qa5 35. Rf2 Rcd8
36. Kg3 Bc5 37. Ng4 Rd1 38. Re2 Rg1+ 39. Kh4 Rgd1 40. Qc3 Qxc3 41. Rxc3 R8d4 42.
Rf2 Bb4 43. Rfc2 Bxc3 44. Rxc3 R1d3 45. Rc2 Rxf4 46. c5 bxc5 47. Rxc5 Ra4 48. Rc8+
Kg7 49. Ra8 a5 50. a3 Raxa3 51. Nf6 Ra4+ 52. Ng4 Rdd4 53. Kg3 Rxg4+ 54. hxg4 Ra1
55. Kg2 a4 56. Kf2 a3 57. Kg2 a2 58. Kh2 Re1 59. Rxa2 Rxe5 60. Kg3 Rxg5 61. Kf4 h6
62. Rh2 f5 63. gxf5 exf5  0-1

[Event "2025 Washington State Championship - Invitational"]
[Site "Lakeside Upper School, 14050 1st Avenue NE, Seattle, WA, USA"]
[Date "2025.02.17"]
[Round "9"]
[Board "5"]
[White "Wong-Godfrey, Emerson P"]
[Black "Saddi, Neevan Reddy"]
[Result "1-0"]
[WhiteElo "1866"]
[BlackElo "1877"]
[PlyCount "68"]
[EventDate "2025.02.08"]
[EventRounds "9"]
[EventCountry "USA"]

1. e4 e6 2. d4 d5 3. Nc3 Bb4 4. Nge2 dxe4 5. a3 Bxc3+ 6. Nxc3 h6 7. Nxe4 Nf6 8. Bd3
O-O 9. c3 Nbd7 10. Qf3 Nxe4 11. Bxe4 c6 12. Bf4 f5 13. Bd3 Re8 14. Qh5 Qe7 15. Bc4
Kh7 16. Bg5 Nf6 17. Bxf6 gxf6 18. O-O-O Rg8 19. Rhe1 Rg5 20. Qf3 e5 21. dxe5 fxe5
22. g3 Rg7 23. Qe3 e4 24. f3 Be6 25. Bxe6 Qxe6 26. fxe4 Re7 27. e5 Qa2 28. Rd6 Re6
29. Red1 Rae8 30. Qf4 Kg6 31. g4 fxg4 32. Qxg4+ Kh7 33. Rd7+ R8e7 34. Qf5+ Kh8  1-0

[Event "2025 Washington State Championship - Challengers"]
[Site "Lakeside Upper School, 14050 1st Avenue NE, Seattle, WA, USA"]
[Date "2025.02.08"]
[Round "1"]
[Board "1"]
[White "Yondon, Odbayar"]
[Black "Ramkumar, Nikhil"]
[Result "1/2-1/2"]
[WhiteElo "1806"]
[BlackElo "1676"]
[PlyCount "0"]
[EventDate "2025.02.08"]
[EventRounds "9"]
[EventCountry "USA"]

1. e4 c6 2. d4 d5 3. exd5 cxd5 4. Bd3 Nc6 5. c3 Nf6 6. h3 Qc7 7. Nf3 e6 8. Bg5 Bd6
9. Nbd2 Bd7 10. a4 h6 11. Bxf6 gxf6 12. O-O e5 13. dxe5 fxe5 14. Bc2 Rg8 15. Kh1
O-O-O 16. Nb3 Bxh3 17. gxh3 Qd7 18. Nh2 e4 19. f3 Qxh3 20. Qe2 Ne5 21. fxe4 Ng4 22.
e5 Qxh2+ 23. Qxh2 Nxh2 24. Kxh2 Bxe5+ 25. Kh1 Rg3 26. Bf5+ Kc7 27. Rae1 f6 28. Rg1
Rg5 29. Rxg5 hxg5 30. Nc5 Rh8+ 31. Kg1 Rh4 32. Rd1 b6 33. Na6+ Kd6 34. Nb4 d4 35.
Nc2 Kc5 36. cxd4+ Bxd4+ 37. Nxd4 Rxd4 38. Rxd4 Kxd4 39. Kf2 Kc4 40. Be6+ Kb4 41.
b3 b5 42. Bd7 a6 43. axb5 axb5 44. Be6 Kc3 45. Kf3 f5 46. Ke3 g4 47. Kf4 Kb4 48.
Bf7 Kc3  1/2-1/2